Giáo trình tôn giáo học
Giới thiệu khái quát về tôn giáo học và một số vấn đề lí luận chung về tôn giáo. Trình bày về đạo Phật, đạo Kitô, đạo Ixlam, một số tín ngưỡng và tôn giáo dân tộc ở Việt Nam. Nêu lên nội dung tư tưởng Hồ Chí Minh và đường lối, chủ trương của Đảng, chính sách của nhà nước ta về tôn giáo...
Guardat en:
| Autor principal: | |
|---|---|
| Altres autors: | |
| Format: | Llibre |
| Idioma: | Vietnamese |
| Publicat: |
H.
Đại học Sư phạm
2014
|
| Edició: | In lần thứ 5 |
| Matèries: | |
| Etiquetes: |
Afegir etiqueta
Sense etiquetes, Sigues el primer a etiquetar aquest registre!
|
| Thư viện lưu trữ: | Mạng thư viện Đại học Đà Nẵng |
|---|
| LEADER | 01691aam a22004098a 4500 | ||
|---|---|---|---|
| 001 | 000023205 | ||
| 003 | 19655 | ||
| 005 | 20150605090602.0 | ||
| 008 | 150604s2014 viesd | ||
| 020 | |c 45000đ |d 1000b | ||
| 041 | 0 | |a vie | |
| 082 | 1 | 4 | |2 14 |a 200.71 |b TR-S |
| 100 | 1 | |a Trần Đăng Sinh | |
| 245 | 1 | 0 | |a Giáo trình tôn giáo học |c Trần Đăng Sinh, Đào Đức Doãn |
| 250 | |a In lần thứ 5 | ||
| 260 | |a H. |b Đại học Sư phạm |c 2014 | ||
| 300 | |a 276 tr. |b minh hoạ |c 24 cm. | ||
| 504 | |a Thư mục đầu sách | ||
| 520 | |a Giới thiệu khái quát về tôn giáo học và một số vấn đề lí luận chung về tôn giáo. Trình bày về đạo Phật, đạo Kitô, đạo Ixlam, một số tín ngưỡng và tôn giáo dân tộc ở Việt Nam. Nêu lên nội dung tư tưởng Hồ Chí Minh và đường lối, chủ trương của Đảng, chính sách của nhà nước ta về tôn giáo | ||
| 650 | 0 | 4 | |2 Bộ TK TVQG |a Tôn giáo học |v Giáo trình |
| 650 | 7 | |2 Bộ TK TVQG | |
| 653 | |a Tôn giáo học | ||
| 653 | |a Đạo Phật | ||
| 653 | |a Đạo Kitô | ||
| 653 | |a Đạo Ixlam | ||
| 655 | 7 | |2 Bộ TK TVQG |a Giáo trình | |
| 700 | 1 | |a Đào Đức Doãn | |
| OWN | |a LSP | ||
| AVA | |a UDN50 |b LSP |d 200.71 TR-S |e check_holdings |t Error 5003 Not defined in file expand_doc_bib_avail. |h N |k 1 | ||
| 999 | |a From the UDN01 | ||
| AVA | |a UDN50 |b LSP |d 200.71 TR-S |e available |t Error 5001 Not defined in file expand_doc_bib_avail. |f 30 |g 0 |h N |i 4 |k 1 | ||
| TYP | |a Monograph | ||
| TYP | |a Printed language | ||
| 980 | |a Mạng thư viện Đại học Đà Nẵng | ||